000 00362nam a2200133Ia 4500
999 _c14224
_d14224
008 260210s9999 xx 000 0 und d
020 _a9780727758392
082 _a690.538
100 _aWhapples
245 0 _aRecommendations For The Inspection, Maintenance And Management Of Car Park Structures,
250 _a2Nd Ed.
260 _bTTL
942 _cBPLAN
_2ddc